<?xml version="1.0" encoding="UTF-8"?><?xml-stylesheet type="text/xsl" href="static/style.xsl"?><OAI-PMH xmlns="http://www.openarchives.org/OAI/2.0/" xmlns:xsi="http://www.w3.org/2001/XMLSchema-instance" xsi:schemaLocation="http://www.openarchives.org/OAI/2.0/ http://www.openarchives.org/OAI/2.0/OAI-PMH.xsd"><responseDate>2026-06-01T01:18:20Z</responseDate><request verb="GetRecord" identifier="oai:riuma.uma.es:10630/36822" metadataPrefix="marc">https://riuma.uma.es/rest/oai/request</request><GetRecord><record><header><identifier>oai:riuma.uma.es:10630/36822</identifier><datestamp>2026-02-03T10:52:52Z</datestamp><setSpec>com_10630_2254</setSpec><setSpec>col_10630_37953</setSpec></header><metadata><record xmlns="http://www.loc.gov/MARC21/slim" xmlns:dcterms="http://purl.org/dc/terms/" xmlns:doc="http://www.lyncode.com/xoai" xmlns:xsi="http://www.w3.org/2001/XMLSchema-instance" xsi:schemaLocation="http://www.loc.gov/MARC21/slim http://www.loc.gov/standards/marcxml/schema/MARC21slim.xsd">
   <leader>00925njm 22002777a 4500</leader>
   <datafield ind2=" " ind1=" " tag="042">
      <subfield code="a">dc</subfield>
   </datafield>
   <datafield ind2=" " ind1=" " tag="720">
      <subfield code="a">Casado Patricio, Elena</subfield>
      <subfield code="e">author</subfield>
   </datafield>
   <datafield ind2=" " ind1=" " tag="260">
      <subfield code="c">2021-06</subfield>
   </datafield>
   <datafield ind2=" " ind1=" " tag="520">
      <subfield code="a">Este artículo pretende analizar la percepción de legitimidad institucional de una muestra de menores extranjeros no acompañados en situación de calle y conocer cómo se agrupan las variables que la  literatura  académica  ha  indicado  que  forman  el  concepto  de  legitimidad.  El  aumento  de  menores extranjeros  no  acompañados  en  situación  de  calle,  la  falta  de  estudios  que  traten  de  conocer  qué componentes  integran  la  percepción  de  legitimidad  para  este  colectivo  y  las  consecuencias  que  la legitimidad tiene en la conformidad hacen especialmente importante el trabajo que aquí se presenta. En concreto, se analiza qué percepción de legitimidad de la Policía Local, Policía Nacional, Guardia Civil y  del  centro  de  protección  tienen  los  menores  extranjeros  no  acompañados que  se  encuentran  en situación  de  calle  en  la  ciudad  autónoma  de  Ceuta;  y  cómo  se  agrupan  en  factores  las  variables  que configuran  el  constructo  de  legitimidad.  Los  resultados  muestran,  a  través  de  una  metodología cuantitativa,  que  la  percepción  de  legitimidad,  así  como  la  agrupación  factorial,  no  sigue  un  patrón general, sino que depende de la institución analizada.</subfield>
   </datafield>
   <datafield ind1="8" ind2=" " tag="024">
      <subfield code="a">Casado Patricio, E. (2021). “Percepción de legitimidad institucional y composición del constructo en una muestra de menores extranjeros en situación de calle” en Revista de Estudios Jurídicos y Criminológicos (3), 279-305.</subfield>
   </datafield>
   <datafield ind1="8" ind2=" " tag="024">
      <subfield code="a">2345-3456</subfield>
   </datafield>
   <datafield ind1="8" ind2=" " tag="024">
      <subfield code="a">https://hdl.handle.net/10630/36822</subfield>
   </datafield>
   <datafield ind1="8" ind2=" " tag="024">
      <subfield code="a">10.25267/REJUCRIM.2021.i3.10</subfield>
   </datafield>
   <datafield tag="653" ind2=" " ind1=" ">
      <subfield code="a">Menores emigrantes - Protección, asistencia, etc</subfield>
   </datafield>
   <datafield ind2="0" ind1="0" tag="245">
      <subfield code="a">Percepción de legitimidad institucional y composición del constructo en una muestra de menores extranjeros en situación de calle.</subfield>
   </datafield>
</record>
</metadata></record></GetRecord></OAI-PMH>